| Tag |
First Indicator |
Second Indicator |
Subfields |
| LEADER |
00000cam a2200000 i 4500 |
| 001 |
in00000490352 |
| 005 |
20151013053119.0 |
| 008 |
731112r19721777nyub 00010 eng |
| 010 |
|
|
|a 77141082
|
| 020 |
|
|
|a 0405032773 :
|c $40.00
|
| 035 |
|
|
|a (OCoLC)00739558
|
| 035 |
|
|
|9 ACB8149AM
|
| 040 |
|
|
|c TEU
|d TXA
|d UtOrBLW
|
| 049 |
|
|
|a TXAM
|c [1184117]
|
| 050 |
0 |
0 |
|a E101
|b .B92 1972
|
| 100 |
1 |
|
|a Burke, Edmund,
|d 1729-1797.
|
| 245 |
1 |
3 |
|a An account of the European settlements in America /
|c Edmund Burke.
|
| 264 |
|
1 |
|a New York :
|b Arno Press,
|c 1972.
|
| 300 |
|
|
|a 2 volumes in 1 :
|b maps ;
|c 23 cm.
|
| 336 |
|
|
|a text
|b txt
|2 rdacontent
|
| 337 |
|
|
|a unmediated
|b n
|2 rdamedia
|
| 338 |
|
|
|a volume
|b nc
|2 rdacarrier
|
| 490 |
1 |
|
|a Research library of colonial Americana
|
| 500 |
|
|
|a Reprint of the 1777 edition published by J. Dodsley, London.
|
| 651 |
|
0 |
|a America
|x Discovery and exploration.
|
| 651 |
|
0 |
|a America
|x Description and travel.
|
| 830 |
|
0 |
|a Research library of colonial Americana.
|
| 999 |
|
|
|a MARS
|
| 999 |
f |
f |
|s 391f3b30-6f4f-357c-89b6-2c60d8286808
|i f4e87319-2526-3893-82a4-6593d770f10e
|t 0
|
| 952 |
f |
f |
|p ric
|a Texas A&M University
|b Rellis Campus
|c Joint Library Facility
|d Remote Storage
|t 0
|e E101 .B92 1972
|h Library of Congress classification
|i unmediated -- volume
|m A14802147449
|
| 998 |
f |
f |
|a E101 .B92 1972
|t 0
|l Remote Storage
|